000 00563nam a2200181Ia 4500
003 GCL
008 140319s9999 xx 000 0 ara d
040 _aGCL /
_cGCL
082 0 4 _a811.9
_bا د
100 1 _aاحمد شوقى
245 1 0 _aدراسات نقدية وادبية واستشراقية باللغة الانجليزية /
_cاحمد شوقى
260 _a[S.N] :
_bدار العلوم العربية ،
_c1990
300 _a168
490 _a
650 0 4 _aالنقد الادبى
650 0 4 _aالادب الانجليزى
942 _2ddc
_cBK
999 _c55677
_d55677